Statistics for NBA Teams by Old Logo

Click here to take the quiz!

General Stats

  • This quiz has been taken 167 times
  • The average score is 6 of 7

Answer Stats

Answer% Correct
Boston Celtics
98%
Chicago Bulls
92%
Philadelphia 76ers
92%
Toronto Raptors
89%
Brooklyn Nets
81%
Orlando Magic
77%
New York Knicks
54%

Score Distribution

Percentile by Number Answered

Percent of People with Each Score

Your Score History

You have not taken this quiz